00629nam a2200157 i 450000100060000000300090000600500170001500700030003200800410003510000550007624500520013126000490018330000200023250501870025285200320043984145ES-MaACL20231223063052.0t|041119s1923 sp ||||1| spa d1 aIzquierdo y Martínez, José María,d1886-192210aObras de José María Izquierdo y Martínez. aSevilla : b[s.n., c1923] (fTip. Zarzuela) a5 v. ; c22 cm.8 aContiene: V. I y I: Divagando por la ciudad de la gracia. -- V. III: Por la parábola de la vida. -- V. IV: El derecho en el Teatro Español. -- V. V: De las normas y de las formas aES-MaACLjF-549-53 bR.5474